Responses for Show #8005 - Friday, May 31, 2019

James Holzhauer game 32.

Contestants

[<< previous game]

Wyatt Feeler, an attorney from College Park, Maryland

William Tran, an attorney from Monterey Park, California

James Holzhauer, a professional sports gambler from Las Vegas, Nevada (whose 31-day cash winnings total $2,382,583)

[next game >>]

Jeopardy! Round responses

COLONIAL PENNSYLVANIA
THE COMICS
GLUTEN, FREE
AFRICAN-AMERICAN BIOGRAPHY
YOU ARE A BAD SAILOR
5 "LASH"ES
(Alex: "L-A-S-H" coming up in each correct response.)
    $200 5
Philadelphia

James
    $200 27
Garfield

Wyatt
    $200 30
Boston

James
    $200 16
Ali

William
    $200 23
a compass

Wyatt
    $200 24
whiplash

William
    $400 10
Maryland

Wyatt
    $400 28
The Far Side

Wyatt
    $400 26
an Egg McMuffin

William
    $400 17
a Rhodes Scholarship

James
    $400 22
knots

Wyatt
    $400 20
Flash

James
    $600 11
Dutch

James
    $600 29
Dick Tracy

Wyatt
    $600 25
a breadline

James
    $3,800 8
Harriet Tubman

James
    $600 21
(Douglas) Fairbanks

James
    $600 19
Clash of the Titans

James
    $800 6
the Erie

James
    $800 13
Doonesbury

James
    $800 14
the Marshall Plan

James
    $800 7
James Baldwin

James
    $800 15
Polaris

Wyatt
    $800 18
goulash

James
    $1000 2
(William: What is amber?)

anthracite

JamesWilliam
    $1000 12
Opus

James
    $1000 9
Au Bon Pain

Wyatt
    $1000 1
(William: Who is Marshall?)

Clarence Thomas

JamesWilliam
    $1000 4
(James: What is a wolf?)

a dog

JamesWyatt
    $1000 3
splashdown

James

Scores at the first commercial break (after clue 15):

James William Wyatt
$10,800 -$2,000 $3,200

Scores at the end of the Jeopardy! Round:

James William Wyatt
$14,400 -$1,200 $5,000

Double Jeopardy! Round responses

RELIGION FOUNDERS
COLORFUL PHRASES
POTPOURRI
(Alex: A little bit of everything.)
EPISTOLARY NOVELS
GEOGRAPHIC TERMS
ALTER EGOS
    $400 21
Muhammad

Wyatt
    $400 29
red

James
    $400 25
the Vatican

James
    $400 27
letters

Wyatt
    $400 4
a cape

James
    $400 30
Hannah Montana

William
    $800 22
the Book of Mormon

William
    $800 23
out of the blue

James
    $800 24
Coca-Cola

James
    $800 26
(James: What is texting?)

e-mail

JamesWyatt
    $800 1
a province

James
    $800 28
(William: Who is [*]?)
(Alex: Yeah.)
(William: [Excited to be out of the red before the end of the round] Yes!)
[Laughter]

Walter White

William
    $1200 7
(Mary Baker) Eddy

James
    $1200 20
a black sheep

Wyatt
    $1200 17
a (Grant's) gazelle

James
    $1200 12
The Perks of Being a Wallflower

James
    $1200 3
the Continental Divide

Wyatt
    $1200 10
Darth Sidious

James
    $1600 6
Zoroaster

James
    $1600 19
brown bagging

James
    $1600 16
catamaran

James
    $1600 11
The Prestige

James
    $1600 2
(James: What is Dixville Notch?)

Smugglers' Notch

James
Triple Stumper
    $1600 9
Snape

Wyatt
    $10,021 8
non-violence

James
    $2000 18
grey cells

Wyatt
    $2000 15
the Leonids

James
    $9,812 13
Kevin (Khatchadourian)

James
    $2000 5
an oasis

James
    $2000 14
David Bowie

James

Scores at the end of the Double Jeopardy! Round:

James William Wyatt
$52,633 $800 $12,600
(lock game)

[wagering suggestions for these scores]

Final Jeopardy! Round responses

OSCAR-NOMINATED FAMILIES
(Alex: [To Wyatt] He is from Maryland. Does he know about California?)
[Wyatt shakes his head.]
(Alex: He came up with "What is Hitcock", is that it?)
(Wyatt: Hitchcock; wrote it very quickly.)
...
(Alex: And now over to James. He has not missed many Finals. Only one, I believe. Did he get this one right? He most certainly did. Did he risk a bundle? He most certainly did. He picked up $79,633 today and now has a 32-day total of $2,462,216. He's gonna hit the $2.5 million mark on Monday, you think? Tune in and find out. So long, everybody. Have a good weekend.)
WilliamWhat is Newman?
$700
WyattWhat is Hitchcock
$5,000
JamesWhat is Newman?
$27,000
Newman

Final scores:

James William Wyatt
$79,633 $1,500 $7,600
32-day champion: $2,462,216 3rd place: $1,000 2nd place: $2,000

Game dynamics:

Coryat scores:

James William Wyatt
$33,600 $800 $12,600
37 R
(including 3 DDs),
3 W
6 R,
2 W
16 R,
0 W

Combined Coryat: $47,000

[game clues] [game scores] [suggest correction]

Game tape date: Unknown
The J! Archive is created by fans, for fans. Scraping, republication, monetization, and malicious use prohibited; this site may use cookies and collect identifying information. See terms. The Jeopardy! game show and all elements thereof, including but not limited to copyright and trademark thereto, are the property of Jeopardy Productions, Inc. and are protected under law. This website is not affiliated with, sponsored by, or operated by Jeopardy Productions, Inc. Join the discussion at JBoard.tv.